000 00339nam a2200145Ia 4500
008 150301s2009 xx 000 0 und d
082 _a616.5
_bC09T
100 _aTHAPPA D.M.
245 _aCLINICAL PEDIATRIC DERMATOLOGY
250 _a1ST
260 _bELSEVIER
_aINDIA
_c2009
300 _a236
650 _aDERMATOLOGY
942 _2ddc
_cBK
999 _c6588
_d6588